[Event "39th Eastman Open 2016"]
[Site "Ghent BEL"]
[Date "2016.07.19"]
[Round "7.12"]
[White "Hummel, Joop"]
[Black "McMichael, Richard J"]
[Result "0-1"]
[BlackTitle "CM"]
[WhiteElo "2007"]
[BlackElo "2226"]
[WhiteFideId "1012126"]
[BlackFideId "400963"]
[EventDate "2016.07.16"]

1. Nf3 e6 2. g3 d5 3. c4 c6 4. Bg2 Nf6 5. Qc2 Bd6 6. d4 Ne4 7. Nfd2 f5 8. Nxe4
fxe4 9. Nc3 O-O 10. O-O Nd7 11. f3 exf3 12. Bxf3 Nf6 13. e4 e5 14. dxe5 Bxe5 15.
cxd5 Bh3 16. Bg2 Qb6+ 17. Kh1 Bxg2+ 18. Kxg2 Ng4 19. Bg5 h6 20. h3 hxg5 21. hxg4
Qe3 22. Ne2 cxd5 23. exd5 Rac8 24. Qd1 Rxf1 25. Qxf1 Rf8 26. Qe1 Qf3+ 27. Kh2
Rf6 0-1

[Event "39th Eastman Open 2016"]
[Site "Ghent BEL"]
[Date "2016.07.19"]
[Round "7.13"]
[White "Tomme, Lowie"]
[Black "Sterck, Arno"]
[Result "0-1"]
[WhiteElo "2021"]
[BlackElo "2220"]
[WhiteFideId "228338"]
[BlackFideId "228249"]
[EventDate "2016.07.16"]

1. d4 d5 2. c4 c6 3. Nf3 Nf6 4. Nc3 e6 5. Bg5 h6 6. Bh4 dxc4 7. e4 g5 8. Bg3 b5
9. h4 g4 10. Ne5 Bb4 11. Rc1 Rg8 12. Qd2 h5 13. Qh6 Bb7 14. Bf4 Bf8 15. Qg5 Rxg5
16. hxg5 b4 17. gxf6 bxc3 18. bxc3 Qxf6 19. g3 Bh6 20. Rxh5 Bxf4 21. gxf4 Qxf4 0-1

[Event "39th Eastman Open 2016"]
[Site "Ghent BEL"]
[Date "2016.07.19"]
[Round "7.14"]
[White "Thienpondt, Mardoek"]
[Black "Froeyman, Helmut"]
[Result "0-1"]
[BlackTitle "FM"]
[WhiteElo "1921"]
[BlackElo "2277"]
[WhiteFideId "210480"]
[BlackFideId "203602"]
[EventDate "2016.07.16"]

1. e4 e5 2. Bc4 Nf6 3. Nf3 Nxe4 4. Nc3 Nf6 5. Nxe5 d5 6. Be2 Be7 7. d4 O-O 8.
O-O Re8 9. Bf3 c6 10. Qd3 Nbd7 11. Bf4 Nxe5 12. Bxe5 Nd7 13. Bg3 Nf8 14. Rfe1
Be6 15. Re2 Qd7 16. Rae1 Bf5 17. Qd2 Ne6 18. Re5 Ng5 19. Bxd5 Bf6 20. Rxe8+ Rxe8
21. Rxe8+ Qxe8 22. Bc4 b5 23. Bf1 Qd7 24. Ne2 Ne4 25. Qf4 Nxg3 26. Nxg3 Bxc2 27.
Nh5 Bd8 28. g3 h6 29. Qe5 f6 30. Qc5 Be4 31. Nf4 Bb6 32. Qc1 Qxd4 33. Nh3 a6 34.
Bg2 Bf5 35. Qe1 Kh7 36. Nf4 Qxb2 37. Bxc6 Qxa2 38. Be4 Bxf2+ 39. Qxf2 Qxf2+ 40.
Kxf2 Bxe4 41. Ke3 Bh1 42. Ne6 b4 43. Nc5 a5 44. Kd4 Kg6 45. Kc4 Bc6 46. Nd3 Kf5
47. Kc5 Ke4 48. Nf2+ Kf3 49. Nd3 Be4 0-1

[Event "39th Eastman Open 2016"]
[Site "Ghent BEL"]
[Date "2016.07.19"]
[Round "8.1"]
[White "Djuric, Stefan"]
[Black "Epishin, Vladimir"]
[Result "0-1"]
[WhiteTitle "GM"]
[BlackTitle "GM"]
[WhiteElo "2420"]
[BlackElo "2557"]
[WhiteFideId "900133"]
[BlackFideId "4162714"]
[EventDate "2016.07.16"]

1. e4 c6 2. Nc3 d5 3. Nf3 a6 4. d4 Bg4 5. Qd3 e6 6. Ne5 dxe4 7. Nxe4 Bf5 8. g4
Bxe4 9. Qxe4 Nf6 10. Qd3 Nbd7 11. Nxd7 Qxd7 12. g5 Nd5 13. a3 g6 14. h4 h5 15.
c4 Ne7 16. Be3 Bg7 17. O-O-O O-O 18. Kb1 Rfd8 19. Bh3 b5 20. c5 a5 21. Qe4 Nd5
22. Rd3 a4 23. Bd2 Rab8 24. Ba5 Re8 25. Bb4 Qc7 26. Rhd1 Nf4 27. Rf3 Nxh3 28.
Rxh3 Rbd8 29. Rhd3 Rd5 30. Bd2 Qb7 31. Ba5 Re7 32. f4 Red7 33. Bc3 Qb8 34. Kc2
Qd8 35. R1d2 Bf8 36. Rd1 Qb8 37. R1d2 Be7 38. Rd1 Qc7 39. R1d2 Bf8 40. Rd1 Bg7
41. R1d2 Rd8 42. Rd1 Rf5 43. Rf3 Qd7 44. Ba5 Re8 45. Re3 Ra8 46. Bc3 Rd8 47. Rd2
Qc7 48. Rf3 Rdd5 49. Rdd3 Qd8 50. Rd2 Bf8 51. Re3 Qb8 52. Rf3 Be7 53. Kd1 Bd8
54. Ke2 Bc7 55. Ke3 Qd8 56. Rd3 Qa8 57. Kf2 Rd8 58. Kg2 Rfd5 59. Qe1 R8d7 60.
Rde3 Qf8 61. Re4 Rd8 62. Rfe3 Re8 63. Kg3 Re7 64. Ba5 Bb8 65. Bc3 Qd8 66. Qh1
Red7 67. Qb1 Rf5 68. Qc1 Rb7 69. Qe1 Qd5 70. Re5 Bxe5 71. Rxe5 Rxe5 72. Qxe5 Rd7
73. Kf2 Qxe5 74. fxe5 b4 75. axb4 Ra7 76. b5 cxb5 77. Bb4 Kf8 78. d5 exd5 79.
Ke3 Ke8 80. Kd4 Kd7 81. Kxd5 Ra6 82. Ba3 Kc7 83. Bb4 Re6 84. Ba3 Re8 85. c6 Rd8+
86. Bd6+ Kb6 87. c7 Rc8 0-1

[Event "39th Eastman Open 2016"]
[Site "Ghent BEL"]
[Date "2016.07.19"]
[Round "8.2"]
[White "Lintchevski, Daniil"]
[Black "Michiels, Bart"]
[Result "1-0"]
[WhiteTitle "GM"]
[BlackTitle "GM"]
[WhiteElo "2548"]
[BlackElo "2524"]
[WhiteFideId "4171055"]
[BlackFideId "202967"]
[EventDate "2016.07.16"]

1. Nf3 d5 2. g3 c6 3. Bg2 Bf5 4. c4 e6 5. cxd5 exd5 6. O-O Nf6 7. d3 Na6 8. a3
Be7 9. Nbd2 h6 10. b4 Nc7 11. Nb3 Ne6 12. Bb2 O-O 13. Re1 Bh7 14. Nfd4 Nxd4 15.
Bxd4 Re8 16. e4 dxe4 17. dxe4 Nd7 18. Qg4 Bf6 19. Rad1 Qc7 20. Be3 Rad8 21. Bf4
Ne5 22. Qe2 Rxd1 23. Rxd1 Rd8 24. Rxd8+ Qxd8 25. Be3 a6 26. f4 Nd7 27. Qd2 Qc7
28. Bf3 Be7 29. Qd4 b6 30. Bg4 Nf6 31. Bf3 c5 32. bxc5 bxc5 33. Nxc5 Bxc5 34.
Qxc5 Qxc5 35. Bxc5 Bxe4 36. Kf2 Bxf3 37. Kxf3 Nd7 38. Bd4 f5 39. Ke3 Kf7 40. Kd3
g5 41. Be3 g4 42. Kc4 Ke6 43. Kb4 Kd5 44. Ka5 Ke4 45. Ba7 Kf3 46. Kxa6 Kg2 47.
a4 Kxh2 48. a5 Kxg3 49. Kb5 h5 50. a6 h4 51. Bd4 Nf8 52. a7 Ne6 53. Bb6 Nxf4 54.
Bc7 1-0

[Event "39th Eastman Open 2016"]
[Site "Ghent BEL"]
[Date "2016.07.19"]
[Round "8.3"]
[White "Dgebuadze, Alexandre"]
[Black "Alienkin, Aleksander"]
[Result "1-0"]
[WhiteTitle "GM"]
[BlackTitle "IM"]
[WhiteElo "2511"]
[BlackElo "2387"]
[WhiteFideId "203882"]
[BlackFideId "4156765"]
[EventDate "2016.07.16"]

1. e4 e6 2. d4 d5 3. Nd2 a6 4. Ngf3 c5 5. dxc5 Bxc5 6. Bd3 Nc6 7. a3 Nf6 8. O-O
Ba7 9. Qe2 Qc7 10. b4 e5 11. h3 d4 12. Nh4 O-O 13. Qf3 Ne8 14. Qg3 Nd6 15. Nc4
Kh8 16. Nxe5 Nxe5 17. Qxe5 Re8 18. Qg3 Qe7 19. e5 Nb5 20. Nf3 Bd7 21. Bg5 Qf8
22. Rfe1 Rac8 23. Qh4 h6 24. Bd2 Bc6 25. a4 Nc3 26. Qh5 Rc7 27. b5 Bd5 28. Qf5
Qg8 29. bxa6 bxa6 30. Bxa6 Be6 31. Qh5 Bc4 32. Bxc4 Rxc4 33. a5 Nd5 34. Qf5 Re6
35. Qd3 Rec6 36. e6 f6 37. e7 Nc7 38. Nh4 Qf7 39. Ng6+ Kg8 40. e8=Q+ Nxe8 41.
Re7 Rxc2 42. Rxf7 Kxf7 43. Nf4 Nc7 44. Qg6+ Kf8 45. Bb4+ Bc5 46. Qxc2 1-0

[Event "39th Eastman Open 2016"]
[Site "Ghent BEL"]
[Date "2016.07.19"]
[Round "8.4"]
[White "Inkiov, Ventzislav"]
[Black "Draftian, Ashote"]
[Result "1-0"]
[WhiteTitle "GM"]
[BlackTitle "FM"]
[WhiteElo "2467"]
[BlackElo "2283"]
[WhiteFideId "2900033"]
[BlackFideId "204552"]
[EventDate "2016.07.16"]

1. e4 c5 2. Nf3 e6 3. d4 cxd4 4. Nxd4 a6 5. Nc3 Qc7 6. g3 Bb4 7. Ne2 Nf6 8. Bg2
Nc6 9. O-O Bc5 10. Bf4 Ne5 11. Na4 Ba7 12. c4 d6 13. Rc1 Nfd7 14. b3 Nc5 15. Nb2
f6 16. b4 Ncd7 17. Nd4 Ke7 18. Be3 h5 19. h3 Nf8 20. c5 dxc5 21. bxc5 Bd7 22. f4
Nc6 23. Nb3 b5 24. cxb6 Bxb6 25. Bxb6 Qxb6+ 26. Kh1 Rd8 27. Nc4 Qb8 28. Qe1 e5
29. f5 Be8 30. Ne3 Nb4 31. Qc3 Bf7 32. Na5 Rd3 33. Qxd3 Nxd3 34. Nc6+ Kd6 35.
Nxb8 Nxc1 36. Rxc1 Bxa2 37. Rc6+ Ke7 38. Rxa6 1-0

[Event "39th Eastman Open 2016"]
[Site "Ghent BEL"]
[Date "2016.07.19"]
[Round "8.5"]
[White "McMichael, Richard J"]
[Black "Venkatesh, M.R."]
[Result "0-1"]
[WhiteTitle "CM"]
[BlackTitle "GM"]
[WhiteElo "2226"]
[BlackElo "2445"]
[WhiteFideId "400963"]
[BlackFideId "5005779"]
[EventDate "2016.07.16"]

1. d4 Nf6 2. Nf3 g6 3. Bg5 Bg7 4. Nbd2 d6 5. e4 O-O 6. Bd3 Nc6 7. c3 e5 8. dxe5
Nxe5 9. Nxe5 dxe5 10. Qe2 h6 11. Be3 Nh5 12. g3 Be6 13. O-O Kh8 14. f3 Bh3 15.
Rfe1 f5 16. exf5 gxf5 17. Kh1 b6 18. Bc2 Qf6 19. g4 fxg4 20. Qd3 Kg8 21. Bb3+
Kh8 22. Bc2 Kg8 23. Qh7+ Kf7 24. Bb3+ Ke8 25. Bd4 Qf5 26. Qxf5 Rxf5 27. fxg4
Bxg4 28. Be6 Rg5 29. Bxg4 Rxg4 30. Bxe5 Kd7 31. Bxg7 Rxg7 32. Re5 Nf4 33. Rf5
Nh3 34. Rf3 Ng5 35. Rf6 Re8 36. Rxh6 Re2 37. Rd1 Kc8 38. Nc4 Ne4 39. Rh8+ Kb7
40. Rf8 Nf2+ 41. Rxf2 Rxf2 0-1

[Event "39th Eastman Open 2016"]
[Site "Ghent BEL"]
[Date "2016.07.19"]
[Round "8.6"]
[White "Becx, Cesar"]
[Black "Docx, Stefan"]
[Result "0-1"]
[WhiteTitle "FM"]
[BlackTitle "IM"]
[WhiteElo "2095"]
[BlackElo "2420"]
[WhiteFideId "1001183"]
[BlackFideId "200778"]
[EventDate "2016.07.16"]

1. f4 g6 2. Nf3 Bg7 3. g3 c5 4. Bg2 Nc6 5. O-O d5 6. d3 Nf6 7. c3 O-O 8. Na3 b6
9. Qa4 Bb7 10. e4 e6 11. e5 Ne8 12. d4 Qd7 13. Qd1 cxd4 14. cxd4 Ba6 15. Re1 Rc8
16. Bf1 Bxf1 17. Rxf1 f6 18. Nc2 Nc7 19. Be3 f5 20. Qd3 Rfe8 21. Bd2 Bf8 22.
Rfb1 Nd8 23. Ne3 Nf7 24. Kf2 Be7 25. h4 h5 26. a4 Nh6 27. b4 Ra8 28. Ke2 Rec8
29. Rc1 Ng4 30. Nd1 Ne8 31. Qb5 Qd8 32. Qa6 Qd7 33. Qb5 Qxb5+ 34. axb5 Nc7 35.
Nc3 Bxb4 36. Rab1 Be7 37. Na4 Kf7 38. Bb4 Bxb4 39. Rxb4 Ke7 40. Nd2 Nh6 41. Rbb1
Kd7 42. Rc2 Nf7 43. Ra2 Nd8 44. Rb3 Nb7 45. Kd3 Na5 46. Rb1 Ne8 47. Nc5+ Ke7 48.
Rxa5 bxa5 49. Ra1 Nc7 50. Rxa5 Rcb8 51. Na6 Nxa6 52. bxa6 Rb6 53. Rc5 Kd7 54.
Ra5 Rc8 0-1

[Event "39th Eastman Open 2016"]
[Site "Ghent BEL"]
[Date "2016.07.19"]
[Round "8.7"]
[White "Van der Stricht, Geert"]
[Black "Klundt, Klaus"]
[Result "1/2-1/2"]
[WhiteTitle "IM"]
[BlackTitle "IM"]
[WhiteElo "2368"]
[BlackElo "2291"]
[WhiteFideId "201324"]
[BlackFideId "4600436"]
[EventDate "2016.07.16"]

1. d4 d5 2. c4 e6 3. Nc3 Nf6 4. cxd5 exd5 5. Bg5 c6 6. e3 h6 7. Bh4 Bf5 8. Qf3
Bh7 9. Bxf6 Qxf6 10. Qxf6 gxf6 11. Kd2 Nd7 12. Bd3 f5 13. Nge2 Bd6 14. Nf4 Nf6
15. f3 Rg8 16. g3 O-O-O 17. Ng2 Kd7 18. a3 Rde8 19. b4 a5 20. b5 c5 21. dxc5
Bxc5 22. Na4 Bd6 23. Rhc1 Ke7 24. Nh4 Rg5 25. Ra2 Rh5 26. Nb6 f4 27. Bxh7 fxe3+
28. Kxe3 Nxh7 29. Kd3 Nf6 30. Re2+ Kf8 31. Rxe8+ Kxe8 32. a4 Nd7 33. Rc8+ Ke7
34. Nxd7 Kxd7 35. Rh8 Be7 1/2-1/2

[Event "39th Eastman Open 2016"]
[Site "Ghent BEL"]
[Date "2016.07.19"]
[Round "8.8"]
[White "Sterck, Arno"]
[Black "Stone, Andrew M"]
[Result "1/2-1/2"]
[WhiteElo "2220"]
[BlackElo "2208"]
[WhiteFideId "228249"]
[BlackFideId "404985"]
[EventDate "2016.07.16"]

1. e4 e6 2. d4 d5 3. Nc3 Nf6 4. e5 Nfd7 5. f4 c5 6. Nf3 Nc6 7. Be3 a6 8. Qd2 b5
9. dxc5 Bxc5 10. Bd3 Qb6 11. Bf2 b4 12. Na4 Bxf2+ 13. Qxf2 Qxf2+ 14. Kxf2 O-O
15. Rhc1 Bb7 16. c4 bxc3 17. Rxc3 f6 18. exf6 Rxf6 19. Kg3 e5 20. fxe5 Ndxe5 21.
Nc5 Nxf3 22. gxf3 Ne5 23. f4 Nxd3 24. Rxd3 Bc6 25. Rd4 Re8 26. Kf2 1/2-1/2

[Event "39th Eastman Open 2016"]
[Site "Ghent BEL"]
[Date "2016.07.19"]
[Round "8.9"]
[White "Froeyman, Helmut"]
[Black "Vermaat, Marcel"]
[Result "1/2-1/2"]
[WhiteTitle "FM"]
[WhiteElo "2277"]
[BlackElo "2176"]
[WhiteFideId "203602"]
[BlackFideId "1012703"]
[EventDate "2016.07.16"]

1. e4 c5 2. Nf3 d6 3. d4 cxd4 4. Nxd4 Nf6 5. Nc3 a6 6. Be2 e6 7. O-O Nc6 8. Be3
Be7 9. f4 Qc7 10. Qe1 O-O 11. Qg3 Nxd4 12. Bxd4 b5 13. a3 Bb7 14. Kh1 Rac8 15.
Bd3 Bc6 16. Rae1 Rfd8 17. e5 dxe5 18. Bxe5 Qb7 19. f5 exf5 20. Rxf5 Ne8 21. Ne4
f6 22. Bc3 Nd6 23. Nxf6+ Bxf6 24. Rxf6 Ne4 25. Bxe4 Bxe4 26. Re6 Bg6 27. h4 Rd7
28. Qg5 Rf8 29. h5 Bxc2 30. h6 Bg6 31. hxg7 Rfd8 32. Qe5 Rd1 33. Rxd1 Rxd1+ 34.
Kh2 Qd7 35. Qf6 Bf7 36. Rxa6 Qd5 37. Qe5 Qb7 38. Rd6 Rxd6 39. Qxd6 Qc8 40. Kg3
Be6 41. Kf2 Bc4 42. Be5 Qf5+ 43. Ke3 Qg5+ 44. Kd4 Qg4+ 45. Kc5 Qc8+ 46. Kb4 Qe8
47. g3 h5 48. Qh6 Qe7+ 49. Bd6 Qxg7 50. Qxg7+ Kxg7 51. a4 Bf1 52. a5 Kf6 53. a6
Ke6 54. a7 Bg2 55. Bb8 Bc6 56. Kc5 Kd7 57. b4 Bf3 58. Kxb5 Kc8 59. Kb6 Be4 60.
b5 Bf3 61. Bf4 Bg2 62. Be3 Bf3 63. Ka6 Bb7+ 64. Ka5 Bf3 65. Kb4 Kb7 66. b6 Bg2
67. Kc5 Bf3 68. Kd6 Bg2 69. Ke5 Bf3 70. Kf4 Bd1 71. Bf2 Be2 72. Ke3 Bg4 73. Ke4
Be2 74. Kd5 Bf3+ 75. Kd6 1/2-1/2

[Event "39th Eastman Open 2016"]
[Site "Ghent BEL"]
[Date "2016.07.19"]
[Round "8.10"]
[White "Cools, Gorik"]
[Black "Goormachtigh, Johan"]
[Result "1/2-1/2"]
[WhiteTitle "FM"]
[BlackTitle "FM"]
[WhiteElo "2293"]
[BlackElo "2171"]
[WhiteFideId "200298"]
[BlackFideId "200280"]
[EventDate "2016.07.16"]

1. e4 c5 2. Nf3 e6 3. d4 cxd4 4. Nxd4 Nc6 5. Nc3 Qc7 6. g3 a6 7. Bg2 Nf6 8. O-O
Bc5 9. Nb3 Ba7 10. Qe2 Ne5 11. Bf4 h5 12. h3 d6 13. Rad1 Bd7 14. a4 Rc8 15. Rfe1
Nc4 16. Bc1 h4 17. g4 Kf8 18. Nd4 Kg8 19. Kh1 g6 20. Rf1 e5 21. Nb3 Be6 22. f4
exf4 23. Rxf4 Nd7 24. Nd4 Nce5 25. Be3 Bc5 1/2-1/2

[Event "39th Eastman Open 2016"]
[Site "Ghent BEL"]
[Date "2016.07.19"]
[Round "8.11"]
[White "Sadkowski, Daniel"]
[Black "Schelvis, Richard"]
[Result "1-0"]
[WhiteTitle "FM"]
[WhiteElo "2260"]
[BlackElo "2094"]
[WhiteFideId "200255"]
[BlackFideId "1039261"]
[EventDate "2016.07.16"]

1. d4 d5 2. c4 c6 3. Nc3 Nf6 4. cxd5 cxd5 5. Bf4 Nc6 6. e3 e6 7. Nf3 Bb4 8. Bd3
O-O 9. O-O h6 10. Ne5 Ne8 11. Rc1 Nxe5 12. dxe5 f5 13. exf6 Qxf6 14. Bb1 Bd6 15.
Ne4 Qe7 16. Nxd6 Nxd6 17. Qd3 Ne4 18. Rc7 Qd8 19. Be5 Rf7 20. Rfc1 Bd7 21. f3
Nf6 22. Rxb7 Rc8 23. Rxc8 Bxc8 24. Bxf6 gxf6 25. Qg6+ 1-0

[Event "39th Eastman Open 2016"]
[Site "Ghent BEL"]
[Date "2016.07.19"]
[Round "8.12"]
[White "Cordts, Ingo"]
[Black "Pienski, Olaf"]
[Result "1-0"]
[WhiteTitle "FM"]
[WhiteElo "2289"]
[BlackElo "2168"]
[WhiteFideId "4662687"]
[BlackFideId "4619544"]
[EventDate "2016.07.16"]

1. Nf3 d5 2. d4 e6 3. c4 Nf6 4. g3 dxc4 5. Bg2 c5 6. O-O Nc6 7. dxc5 Qxd1 8.
Rxd1 Bxc5 9. Nbd2 Ke7 10. Nxc4 Bd7 11. Bf4 Nd5 12. Nfe5 Nxe5 13. Nxe5 Bc6 14.
Rac1 Bb6 15. Bxd5 Bxd5 16. e4 Bc6 17. Nxc6+ bxc6 18. Bd6+ Kf6 19. Rxc6 Rac8 20.
Rdc1 Rxc6 21. Rxc6 Rd8 22. e5+ Kf5 23. Rc4 h5 24. b4 f6 25. Rf4+ Kg6 26. a4 fxe5
27. Bxe5 Rd5 28. Bc3 e5 29. Rc4 Rd1+ 30. Kg2 Rc1 31. Rc6+ Kf5 32. b5 Rc2 33. Be1
Ra2 34. a5 Bd4 35. Rc4 Ke4 36. Rb4 Re2 37. b6 axb6 38. axb6 Kd3 39. b7 Ba7 40.
Kf1 1-0

[Event "39th Eastman Open 2016"]
[Site "Ghent BEL"]
[Date "2016.07.19"]
[Round "8.13"]
[White "Vinke, Maarten"]
[Black "Praveen, Kumar C"]
[Result "1/2-1/2"]
[BlackTitle "IM"]
[WhiteElo "2129"]
[BlackElo "2246"]
[WhiteFideId "1038648"]
[BlackFideId "5007372"]
[EventDate "2016.07.16"]

1. e4 e6 2. d4 d5 3. exd5 exd5 4. c4 Bb4+ 5. Nc3 Nf6 6. Bd3 O-O 7. Ne2 h6 8. O-O
Nc6 9. a3 Be7 10. Re1 dxc4 11. Bxc4 Bf5 12. Ng3 Bg6 13. d5 Na5 14. Ba2 b6 15.
Nb5 Bd6 16. Nxd6 Qxd6 17. Qf3 Nb7 18. Nf5 Bxf5 19. Qxf5 Rad8 20. Bf4 Qd7 21. Qc2
Nxd5 22. Bxd5 Qxd5 23. Qxc7 Rd7 24. Qe5 Qxe5 25. Bxe5 Nc5 26. Bc3 Rfd8 27. Kf1
f6 28. f3 Kf7 29. Re2 Na4 30. Rae1 Nxc3 31. bxc3 Rc8 32. Re3 Rc5 33. a4 Rdc7 34.
Rd1 Rc4 35. a5 bxa5 36. Ra1 a4 37. Kf2 Rb7 38. Re4 Rb2+ 39. Kg3 Rxe4 40. fxe4
Rb3 41. Rxa4 Rxc3+ 42. Kg4 Rc7 43. Ra6 Kg6 44. e5 Re7 45. exf6 gxf6 46. Kf4 Rb7
47. g4 Rb4+ 48. Kg3 Rb3+ 49. Kh4 Rb7 50. Kg3 Rb3+ 51. Kh4 Rb2 52. Kg3 1/2-1/2

[Event "39th Eastman Open 2016"]
[Site "Ghent BEL"]
[Date "2016.07.19"]
[Round "8.14"]
[White "Saligo, Luc"]
[Black "Barendse, Ted"]
[Result "1/2-1/2"]
[WhiteElo "2086"]
[BlackElo "2208"]
[WhiteFideId "200557"]
[BlackFideId "1006150"]
[EventDate "2016.07.16"]

1. d4 e6 2. Nf3 Nf6 3. Bf4 c5 4. e3 cxd4 5. exd4 b6 6. a4 Be7 7. h3 O-O 8. Nbd2
d6 9. c3 Re8 10. Bb5 Nbd7 11. O-O Bb7 12. Re1 a6 13. Bc4 Qc7 14. Qe2 Nf8 15. Bh2
Ng6 16. Bd3 Nd5 17. Be4 Ndf4 18. Qe3 Bxe4 19. Nxe4 Nd5 20. Qd2 Nf6 21. Qd3 Qc6
22. Nfd2 Nxe4 23. Qxe4 Qxe4 24. Nxe4 d5 25. Nd2 b5 26. axb5 axb5 27. Nb3 b4 28.
cxb4 Bxb4 29. Rec1 h5 30. Kf1 f6 31. Rxa8 Rxa8 32. Nc5 Rc8 33. Nd3 Rxc1+ 34.
Nxc1 Kf7 35. Nd3 Ba5 36. Bd6 Ke8 37. b4 Bd8 38. b5 Kd7 39. Bc5 Ba5 40. Ke2 e5
41. f3 e4 42. fxe4 dxe4 43. Nb2 f5 44. b6 Nf4+ 45. Kf2 e3+ 46. Kxe3 Nd5+ 47. Kf3
Bxb6 48. Bxb6 1/2-1/2

[Event "39th Eastman Open 2016"]
[Site "Ghent BEL"]
[Date "2016.07.20"]
[Round "9.3"]
[White "Docx, Stefan"]
[Black "Inkiov, Ventzislav"]
[Result "1-0"]
[WhiteTitle "IM"]
[BlackTitle "GM"]
[WhiteElo "2420"]
[BlackElo "2467"]
[WhiteFideId "200778"]
[BlackFideId "2900033"]
[EventDate "2016.07.16"]

1. e4 c5 2. Nf3 d6 3. Bb5+ Bd7 4. Bxd7+ Nxd7 5. O-O Ngf6 6. Qe2 e6 7. b3 Be7 8.
Bb2 O-O 9. c4 a6 10. d4 cxd4 11. Nxd4 Re8 12. Nc3 Bf8 13. Kh1 Qc7 14. Rae1 g6
15. f4 Bg7 16. Nf3 Nh5 17. Qd2 Bh6 18. g3 Rad8 19. Nh4 Ndf6 20. Ng2 Qc6 21. Qe2
d5 22. g4 d4 23. Nd1 e5 24. gxh5 exf4 25. hxg6 hxg6 26. e5 g5 27. Qd3 Ng4 28.
Qf5 Qe6 29. Qxe6 Rxe6 30. h4 Ne3 31. Rg1 Rg6 32. h5 Rg7 33. Nf2 f3 34. Nxe3 dxe3
35. Ng4 f2 36. Nxh6+ Kh7 37. Ng4 Rd2 38. Bc3 Rd3 39. Rxe3 fxg1=Q+ 40. Kxg1 Rxe3
41. Nxe3 Rg8 42. Nf5 Rd8 43. Bd4 a5 44. a4 1-0

[Event "39th Eastman Open 2016"]
[Site "Ghent BEL"]
[Date "2016.07.20"]
[Round "9.4"]
[White "Michiels, Bart"]
[Black "Sadkowski, Daniel"]
[Result "1-0"]
[WhiteTitle "GM"]
[BlackTitle "FM"]
[WhiteElo "2524"]
[BlackElo "2260"]
[WhiteFideId "202967"]
[BlackFideId "200255"]
[EventDate "2016.07.16"]

1. d4 d5 2. c4 dxc4 3. e4 e5 4. Nf3 Bb4+ 5. Nc3 exd4 6. Nxd4 Nd7 7. Bxc4 Ngf6 8.
O-O O-O 9. f3 Ne5 10. Be2 c6 11. Be3 Qe7 12. Qc2 Ng6 13. Rad1 Re8 14. Kh1 Bd7
15. Rfe1 Nd5 16. Bf2 Nxc3 17. bxc3 Bc5 18. Bg3 Rad8 19. Nf5 Bxf5 20. exf5 Rxd1
21. Qxd1 Rd8 22. Bd3 1-0

[Event "39th Eastman Open 2016"]
[Site "Ghent BEL"]
[Date "2016.07.20"]
[Round "9.5"]
[White "Klundt, Klaus"]
[Black "Djuric, Stefan"]
[Result "0-1"]
[WhiteTitle "IM"]
[BlackTitle "GM"]
[WhiteElo "2291"]
[BlackElo "2420"]
[WhiteFideId "4600436"]
[BlackFideId "900133"]
[EventDate "2016.07.16"]

1. e4 c5 2. Nf3 a6 3. c3 g6 4. d4 cxd4 5. cxd4 d5 6. exd5 Nf6 7. Nc3 Nxd5 8. Bc4
Nb6 9. Bb3 Bg7 10. O-O O-O 11. h3 Nc6 12. Be3 Na5 13. Bc2 Nac4 14. Qe2 Nxe3 15.
fxe3 Be6 16. Rfd1 Rc8 17. Bd3 Bh6 18. e4 Bc4 19. Bxc4 Nxc4 20. Rd3 b5 21. Rad1
e6 22. b3 Na3 23. d5 b4 24. Na4 exd5 25. Rxd5 Qc7 26. e5 Qa7+ 27. Kh1 Rc2 28.
Qe1 Qf2 29. Qxf2 Rxf2 30. Nc5 Nc2 31. Ne4 Rxf3 32. gxf3 Ne3 33. Nf6+ Kg7 34. Ng4
Nxd1 35. Rxd1 Bg5 36. Rd6 Re8 37. Rxa6 h5 38. Nf2 Rxe5 39. Nd3 Re3 40. Nxb4 Rxf3
41. Kg2 Re3 42. Nd5 Rd3 43. Nb4 Rd2+ 44. Kf3 h4 45. Ra5 f5 46. Nd5 Rh2 47. Nf4
Bxf4 48. Kxf4 Kh6 49. b4 Rxh3 50. b5 Rh2 51. Ra8 Rb2 52. a4 Rb4+ 53. Ke5 Kg5 54.
Kd5 h3 55. Kc5 Rh4 0-1

[Event "39th Eastman Open 2016"]
[Site "Ghent BEL"]
[Date "2016.07.20"]
[Round "9.6"]
[White "Alienkin, Aleksander"]
[Black "Cordts, Ingo"]
[Result "1/2-1/2"]
[WhiteTitle "IM"]
[BlackTitle "FM"]
[WhiteElo "2387"]
[BlackElo "2289"]
[WhiteFideId "4156765"]
[BlackFideId "4662687"]
[EventDate "2016.07.16"]

1. d4 Nf6 2. Nf3 d5 3. c4 e6 4. g3 dxc4 5. Qa4+ Nbd7 6. Bg2 a6 7. Qxc4 b5 8. Qc6
Rb8 9. Bg5 Bb7 10. Bxf6 Bxc6 11. Bxd8 Bb4+ 12. Nbd2 Rxd8 13. Rc1 Bxf3 14. Bxf3
Ne5 15. a3 Bxd2+ 16. Kxd2 Rxd4+ 17. Ke3 Rc4 18. b3 Rxc1 19. Rxc1 Kd7 20. Bb7 Rb8
21. Rd1+ Ke7 22. Bxa6 Rb6 23. Bc8 Rb8 24. Ba6 c6 25. a4 bxa4 26. bxa4 Ra8 27.
Bd3 Ng4+ 28. Kf3 Nxh2+ 29. Kg2 Ng4 30. Bc2 Nf6 31. Rb1 Ra7 32. Rb8 h5 33. f3 Kd6
34. Kf2 Nd7 35. Rb4 c5 36. Rb1 Kc7 37. Ra1 Ra5 38. Bd3 Nb6 39. Bb5 Kd6 40. Be8
Ke7 41. Bc6 Kd6 42. Be8 f6 43. Rb1 Kc7 44. Rc1 c4 45. Bb5 Kd6 46. Bxc4 Nxa4 47.
Ra1 Ra8 48. Bb5 Nb6 49. Rxa8 Nxa8 50. Be8 h4 51. gxh4 Nc7 52. Ba4 Nd5 53. Bb3
Nf4 54. e3 Nd3+ 1/2-1/2

[Event "39th Eastman Open 2016"]
[Site "Ghent BEL"]
[Date "2016.07.20"]
[Round "9.7"]
[White "Sterck, Arno"]
[Black "Van der Stricht, Geert"]
[Result "1/2-1/2"]
[BlackTitle "IM"]
[WhiteElo "2220"]
[BlackElo "2368"]
[WhiteFideId "228249"]
[BlackFideId "201324"]
[EventDate "2016.07.16"]

1. e4 c5 2. Nf3 d6 3. d4 cxd4 4. Nxd4 Nf6 5. Nc3 a6 6. Bg5 Nbd7 7. Qe2 h6 8. Bh4
e5 9. Nf5 g6 10. Ne3 Be7 11. O-O-O b5 12. a3 Bb7 13. f3 Rc8 14. Qd2 Kf8 15. g4
h5 16. Bxf6 Nxf6 17. g5 Nd7 18. h4 Nb6 19. Ncd5 Bxd5 20. Nxd5 Nxd5 21. exd5 f5
22. gxf6 Bxf6 23. Bd3 Bxh4 24. f4 Bf6 25. Rhg1 e4 26. Bxe4 Rc7 27. Rxg6 Rg7 28.
Rdg1 Rxg6 29. Bxg6 h4 30. Qe3 h3 31. Qe6 Qe7 32. Qc8+ Qd8 33. Qe6 Qe7 34. Qc8+ 1/2-1/2

[Event "39th Eastman Open 2016"]
[Site "Ghent BEL"]
[Date "2016.07.20"]
[Round "9.8"]
[White "Sarrau, Jelle"]
[Black "Terbe, Julianna"]
[Result "1/2-1/2"]
[WhiteTitle "FM"]
[BlackTitle "WFM"]
[WhiteElo "2373"]
[BlackElo "2202"]
[WhiteFideId "207608"]
[BlackFideId "708780"]
[EventDate "2016.07.16"]

1. Nf3 d5 2. c4 c6 3. g3 Nf6 4. Bg2 Bf5 5. cxd5 cxd5 6. Qb3 Nc6 7. d3 Qd7 8. O-O
e6 9. Bf4 Be7 10. Nc3 O-O 11. Ne5 Nxe5 12. Bxe5 Ng4 13. Bf4 d4 14. Na4 e5 15.
Bd2 Rab8 16. Bb4 1/2-1/2